GDP forecasting by Czech institutions: an empirical evaluation

Hodnotenie presnosti prognóz rastu reálneho HDP zverejňovaných v rokoch 1995 - 2013 dvoma českými inštitúciami: Ministerstvom financií a Českou národnou bankou prostedníctvom štatistickej analýzy. Poukázanie na niekoľko metodických nedostatkov vo vnútorných hodnoteniach uskutočňovaných oboma inštitú...

Ausführliche Beschreibung

Gespeichert in:
Bibliographische Detailangaben
1. Verfasser: Šindelář, Jiří
Format: Buchkapitel
Sprache:Englisch
Schlagworte:
Tags: Tag hinzufügen
Keine Tags, Fügen Sie das erste Tag hinzu!

MARC

LEADER 00000naa a2200000 4500
001 0229752
005 20220805080022.3
041 0 |a eng 
044 |a CZ 
245 1 0 |a GDP forecasting by Czech institutions: an empirical evaluation  |c Jiří Šindelář 
520 |a Hodnotenie presnosti prognóz rastu reálneho HDP zverejňovaných v rokoch 1995 - 2013 dvoma českými inštitúciami: Ministerstvom financií a Českou národnou bankou prostedníctvom štatistickej analýzy. Poukázanie na niekoľko metodických nedostatkov vo vnútorných hodnoteniach uskutočňovaných oboma inštitúciami. 
610 2 0 |a odhady 
610 2 0 |a produkt domáci hrubý 
610 2 0 |a predvídanie 
610 2 0 |a banky centrálne 
610 2 0 |a inštitúcie finančné 
100 1 |a Šindelář, Jiří